000 00312nam a22001337a 4500
082 _a823
_bJAI/A
100 _aJAISWALL, RASHMI
245 _aAKBAR BIRBAL STORIES
_bFAMOUS STORIES
260 _aMUMBAI
_bALKA PUBLICATIONS
300 _a114
520 _aCLASSIC STORIES
650 _aCLASSIC STORIES
942 _cBK
999 _c2543
_d2543